000
00301nam a22001337a 4500
008
170314b xxu||||| |||| 00| 0 eng d
020
_a
137233876
041
_a
eng
080
_2
2ND
_a
591
100
_a
7
101
_a
SHM
245
_a
PROCESSES OF ORGANIC EVOLUTION
_c
STEBBINS, G.L
942
_2
udc
_c
BK
999
_c
7766
_d
7766